书目信息 |
| 题名: |
竹子研究成果与生产应用
|
|
| 作者: | 石全太 著 | |
| 分册: | ||
| 出版信息: | 北京 中国林业出版社 2014 |
|
| 页数: | 179,12页 | |
| 开本: | 26cm | |
| 丛书名: | ||
| 单 册: | ||
| 中图分类: | S795-53 | |
| 科图分类: | ||
| 主题词: | 竹--文集 , 竹 | |
| 电子资源: | ||
| ISBN: | 978-7-5038-7666-0 | |
| 000 | 01040nam0 2200253 450 | |
| 001 | 012015000628 | |
| 005 | 20150914163918.53 | |
| 010 | @a978-7-5038-7666-0@dCNY48.00 | |
| 100 | @a20141225d2014 em y0chiy50 ea | |
| 101 | 0 | @achi |
| 102 | @aCN@b110000 | |
| 105 | @aa z 000yy | |
| 106 | @ar | |
| 200 | 1 | @a竹子研究成果与生产应用@Azhu zi yan jiu cheng guo yu sheng chan ying yong@e石全太文集@f石全太著 |
| 210 | @a北京@c中国林业出版社@d2014 | |
| 215 | @a179,12页@c图,照片@d26cm | |
| 330 | @a本书主要分成四个部分:毛竹丰产技术、毛竹栽培技术、毛竹林资源综合开发利用技术、竹笋保鲜加工技术。内容涉及毛竹低产林改造、毛竹林大小年的调整、南竹北移、竹子开花与复壮、病虫害防治、竹林合理施肥、优质竹笋的生产、保鲜与加工等与生产实践密切相关的技术难题。文集报道了毛竹生物学特性研究的新进展,如笋芽分化、深土层地温与出笋时间的关系等。 | |
| 517 | 1 | @a石全太文集 |
| 606 | 0 | @a竹@j文集 |
| 606 | 0 | @a竹 |
| 690 | @aS795-53@v5 | |
| 701 | 0 | @a石全太@Ashi quan tai@f(1935-)@4著 |
| 801 | 0 | @aCN@b碧洲教育@c20150718 |
| 905 | @a10447@f3@dS795-53@e84 | |
| 竹子研究成果与生产应用:石全太文集/石全太著.-北京:中国林业出版社,2014 |
| 179,12页:图,照片;26cm |
| ISBN 978-7-5038-7666-0:CNY48.00 |
| 本书主要分成四个部分:毛竹丰产技术、毛竹栽培技术、毛竹林资源综合开发利用技术、竹笋保鲜加工技术。内容涉及毛竹低产林改造、毛竹林大小年的调整、南竹北移、竹子开花与复壮、病虫害防治、竹林合理施肥、优质竹笋的生产、保鲜与加工等与生产实践密切相关的技术难题。文集报道了毛竹生物学特性研究的新进展,如笋芽分化、深土层地温与出笋时间的关系等。 |
| ● |
| 相关链接 |
|
|
|
|
正题名:竹子研究成果与生产应用
索取号:S795-53/84
 
预约/预借
| 序号 | 登录号 | 条形码 | 馆藏地/架位号 | 状态 | 备注 |
| 1 | 0848650 | 208486501 | 第二样本阅览室/ [索取号:S795-53/84] | 在馆 | |
| 2 | 0848651 | 208486510 | 密集书库-生命科学系/ [索取号:S795-53/84] | 在馆 | |
| 3 | 0848652 | 208486529 | 第三借阅区/ [索取号:S795-53/84] | 在馆 |